000 00820nam a2200253 a 4500
001 000006051
003 DO-SdBNP
005 20250502073818.0
007 ta
008 090826s1985 dr 001 0 spa d
040 _aDO-SdBNP
_bspa
_cBNPHU
082 4 _222
100 1 _aHernández Schrils,Gloria Ma. de
_917048
245 1 3 _aLa responsabilidad patrimonial del Estado /
_cMa. Gloria Hernández de Schirls.
260 _aSanto Domingo :
_bONAP,
_c1985.
300 _a106 p. ;
_c22 cm.
490 1 _aEstudios jurídicos
_v33
500 _aIncluye notas al pie de las páginas
504 _aBibliografía : p. 101-106
590 _aInventariado, 2023/BT
710 1 _aRepública Dominicana.
_bOficina Nacional de Administración y Personal
_926398
830 0 _aEstudios jurídicos
_98442
_n33
942 _2ddc
_cLBS1
999 _c5847
_d5847